书目信息 |
| 题名: |
她从海上来
|
|
| 作者: | 王蕙玲 著 | |
| 分册: | ||
| 出版信息: | 北京 作家出版社 2004.04 |
|
| 页数: | 484页 | |
| 开本: | 21cm | |
| 丛书名: | ||
| 单 册: | ||
| 中图分类: | I235.2 | |
| 科图分类: | ||
| 主题词: | 电视文学剧本--中国--当代 | |
| 电子资源: | ||
| ISBN: | 7-5063-2836-4 | |
| 000 | 00831nam0 2200241 450 | |
| 001 | 192004004296 | |
| 005 | 20070905135153.65 | |
| 010 | @a7-5063-2836-4@dCNY26.00 | |
| 100 | @a20070604d2004 ekmy0chiy0121 ea | |
| 101 | 0 | @achi |
| 102 | @aCN@b110000 | |
| 105 | @aac z 000by | |
| 200 | 1 | @a她从海上来@Ata cong hai shang lai@e张爱玲传奇@f王蕙玲著 |
| 210 | @a北京@c作家出版社@d2004.04 | |
| 215 | @a484页@c图, 肖像@d21cm | |
| 300 | @a其他题名:张爱玲传奇 | |
| 330 | @a本书作为电视文学剧本, 用“没有戏剧性的情节”展示主人公的生命细节,缅怀这位少女时期即成名、遇人不淑、中年离国及客死异乡才女的生命历程。本书适合大众读者阅读。 | |
| 517 | 1 | @a张爱玲传奇@Azhang ai ling chuan qi |
| 606 | 0 | @a电视文学剧本@y中国@z当代 |
| 690 | @aI235.2@v4 | |
| 701 | 0 | @a王蕙玲@Awang hui ling@4著 |
| 801 | 0 | @aCN@c20070905 |
| 905 | @dI235.2@eW213 | |
| 她从海上来:张爱玲传奇/王蕙玲著.-北京:作家出版社,2004.04 |
| 484页:图, 肖像;21cm |
| 其他题名:张爱玲传奇 |
| ISBN 7-5063-2836-4:CNY26.00 |
| 本书作为电视文学剧本, 用“没有戏剧性的情节”展示主人公的生命细节,缅怀这位少女时期即成名、遇人不淑、中年离国及客死异乡才女的生命历程。本书适合大众读者阅读。 |
| ● |
| 相关链接 |
|
|
|
正题名:她从海上来
索取号:I235.2/W213
 
预约/预借
| 序号 | 登录号 | 条形码 | 馆藏地/架位号 | 状态 | 备注 |
| 1 | 618408 | 206184083 | 社科二线400B/400B社科库 13排3列3层/ [索取号:I235.2/W213] | 在馆 | |
| 2 | 618409 | 206184092 | 社科二线400B/400B社科库 18排1列1层/ [索取号:I235.2/W213] | 在馆 | |
| 3 | 618410 | 206184109 | 文学库108/108文学库 20排2列4层/ [索取号:I235.2/W213] | 在馆 |